[Event "DEM U14 2024"]
[Site "Willingen GER"]
[Date "2024.05.24"]
[Round "8"]
[White "Skembris, Simon Max"]
[Black "Sydykov, Bayastan"]
[Result "1/2-1/2"]
[Termination "normal"]
[Board "2"]
[WhiteElo "2009"]
[BlackElo "2181"]
[WhiteClock "00:02:31"]
[BlackClock "00:01:50"]
[PlyCount "129"]
[WhiteFideId "16281381"]
[BlackFideId "13829610"]
[EventCountry "GER"]
[EventRounds "9"]
[EventType "swiss"]
[EventDate "2024.05.18"]

1. e4 {[%clk 01:30:55]} {[%emt 00:00:03]} e6 {[%clk 01:30:53]} {[%emt
00:00:08]} 2. d4 {[%clk 01:31:18]} {[%emt 00:00:07]} d5 {[%clk 01:31:19]}
{[%emt 00:00:04]} 3. Nd2 {[%clk 01:31:44]} {[%emt 00:00:04]} h6 {[%clk
01:31:36]} {[%emt 00:00:13]} 4. Bd3 {[%clk 01:25:54]} {[%emt 00:06:20]} c5
{[%clk 01:31:44]} {[%emt 00:00:22]} 5. exd5 {[%clk 01:21:49]} {[%emt 00:04:35]}
Qxd5 {[%clk 01:31:22]} {[%emt 00:00:52]} 6. Ngf3 {[%clk 01:19:14]} {[%emt
00:03:03]} cxd4 {[%clk 01:31:31]} {[%emt 00:00:22]} 7. Bc4 {[%clk 01:17:07]}
{[%emt 00:02:38]} Qd7 {[%clk 01:30:02]} {[%emt 00:01:59]} 8. O-O {[%clk
01:14:42]} {[%emt 00:02:56]} Nf6 {[%clk 01:30:00]} {[%emt 00:00:31]} 9. Nb3
{[%clk 01:11:55]} {[%emt 00:03:18]} Nc6 {[%clk 01:30:21]} {[%emt 00:00:08]} 10.
Nbxd4 {[%clk 01:08:45]} {[%emt 00:03:40]} Nxd4 {[%clk 01:30:48]} {[%emt
00:00:03]} 11. Qxd4 {[%clk 01:05:59]} {[%emt 00:03:16]} Qxd4 {[%clk 01:31:07]}
{[%emt 00:00:11]} 12. Nxd4 {[%clk 01:06:26]} {[%emt 00:00:03]} Bc5 {[%clk
01:26:02]} {[%emt 00:05:35]} 13. Nb3 {[%clk 00:59:52]} {[%emt 00:07:04]} Bd6
{[%clk 01:16:50]} {[%emt 00:09:41]} 14. Be2 {[%clk 00:53:17]} {[%emt 00:07:05]}
Bd7 {[%clk 01:02:42]} {[%emt 00:14:38]} 15. Bf3 {[%clk 00:49:46]} {[%emt
00:04:01]} Rc8 {[%clk 01:01:55]} {[%emt 00:01:17]} 16. c3 {[%clk 00:46:52]}
{[%emt 00:03:24]} Bc6 {[%clk 00:58:43]} {[%emt 00:03:43]} 17. Bxc6+ {[%clk
00:45:47]} {[%emt 00:01:34]} Rxc6 {[%clk 00:58:32]} {[%emt 00:00:42]} 18. h3
{[%clk 00:39:25]} {[%emt 00:06:52]} Ke7 {[%clk 00:50:35]} {[%emt 00:08:27]} 19.
Re1 {[%clk 00:37:10]} {[%emt 00:02:43]} Nd5 {[%clk 00:43:35]} {[%emt 00:07:31]}
20. Nd4 {[%clk 00:34:14]} {[%emt 00:03:27]} Rcc8 {[%clk 00:39:53]} {[%emt
00:04:11]} 21. Nf5+ {[%clk 00:32:50]} {[%emt 00:01:54]} Kd7 {[%clk 00:37:06]}
{[%emt 00:03:17]} 22. Nxd6 {[%clk 00:30:53]} {[%emt 00:02:27]} Kxd6 {[%clk
00:37:35]} {[%emt 00:00:01]} 23. Be3 {[%clk 00:29:04]} {[%emt 00:02:19]} a6
{[%clk 00:37:05]} {[%emt 00:01:01]} 24. Rad1 {[%clk 00:28:01]} {[%emt
00:01:32]} Rhd8 {[%clk 00:33:31]} {[%emt 00:04:04]} 25. Bb6 {[%clk 00:23:36]}
{[%emt 00:04:55]} Rd7 {[%clk 00:31:23]} {[%emt 00:02:39]} 26. Bd4 {[%clk
00:22:28]} {[%emt 00:01:38]} f6 {[%clk 00:31:16]} {[%emt 00:00:37]} 27. f4
{[%clk 00:21:49]} {[%emt 00:01:07]} Ke7 {[%clk 00:23:46]} {[%emt 00:08:01]} 28.
f5 {[%clk 00:19:38]} {[%emt 00:02:42]} Nf4 {[%clk 00:14:18]} {[%emt 00:09:57]}
29. fxe6 {[%clk 00:17:13]} {[%emt 00:02:55]} Nxe6 {[%clk 00:14:44]} {[%emt
00:00:04]} 30. Rd2 {[%clk 00:15:25]} {[%emt 00:02:17]} Kf7 {[%clk 00:14:07]}
{[%emt 00:01:08]} 31. Red1 {[%clk 00:15:14]} {[%emt 00:00:40]} h5 {[%clk
00:10:11]} {[%emt 00:04:27]} 32. Be3 {[%clk 00:14:29]} {[%emt 00:01:15]} Rxd2
{[%clk 00:10:04]} {[%emt 00:00:38]} 33. Rxd2 {[%clk 00:14:52]} {[%emt
00:00:06]} Rd8 {[%clk 00:10:02]} {[%emt 00:00:32]} 34. Rxd8 {[%clk 00:14:37]}
{[%emt 00:00:45]} Nxd8 {[%clk 00:09:58]} {[%emt 00:00:34]} 35. Kf2 {[%clk
00:13:41]} {[%emt 00:01:25]} Ke6 {[%clk 00:09:43]} {[%emt 00:00:47]} 36. Bb6
{[%clk 00:12:20]} {[%emt 00:01:50]} Nf7 {[%clk 00:07:53]} {[%emt 00:02:20]} 37.
Ke3 {[%clk 00:10:49]} {[%emt 00:02:00]} g5 {[%clk 00:05:58]} {[%emt 00:02:26]}
38. Bc7 {[%clk 00:09:01]} {[%emt 00:02:19]} Kd5 {[%clk 00:03:09]} {[%emt
00:03:18]} 39. Kd3 {[%clk 00:06:04]} {[%emt 00:03:27]} Nh6 {[%clk 00:00:44]}
{[%emt 00:02:55]} 40. c4+ {[%clk 00:02:51]} {[%emt 00:03:43]} Ke6 {[%clk
00:00:44]} {[%emt 00:00:30]} 41. Ke4 {[%clk 00:01:47]} {[%emt 00:01:34]} Nf5
{[%clk 00:17:21]} {[%emt 00:13:53]} 42. b4 {[%clk 00:28:34]} {[%emt 00:03:44]}
b5 {[%clk 00:08:24]} {[%emt 00:09:26]} 43. cxb5 {[%clk 00:24:51]} {[%emt
00:04:13]} axb5 {[%clk 00:08:52]} {[%emt 00:00:02]} 44. Bb8 {[%clk 00:24:27]}
{[%emt 00:00:54]} Ne7 {[%clk 00:06:41]} {[%emt 00:02:41]} 45. Bh2 {[%clk
00:18:22]} {[%emt 00:06:35]} Nc6 {[%clk 00:05:27]} {[%emt 00:01:44]} 46. a3
{[%clk 00:17:45]} {[%emt 00:01:07]} h4 {[%clk 00:03:42]} {[%emt 00:02:15]} 47.
g4 {[%clk 00:12:46]} {[%emt 00:05:27]} hxg3 {[%clk 00:02:33]} {[%emt 00:01:41]}
48. Bxg3 {[%clk 00:13:06]} {[%emt 00:00:10]} f5+ {[%clk 00:02:57]} {[%emt
00:00:06]} 49. Kd3 {[%clk 00:11:38]} {[%emt 00:01:58]} Kd5 {[%clk 00:02:37]}
{[%emt 00:00:50]} 50. Kc3 {[%clk 00:09:56]} {[%emt 00:02:12]} f4 {[%clk
00:01:39]} {[%emt 00:01:28]} 51. Be1 {[%clk 00:06:44]} {[%emt 00:03:42]} Ne5
{[%clk 00:00:36]} {[%emt 00:01:33]} 52. Bf2 {[%clk 00:05:18]} {[%emt 00:01:57]}
Nc4 {[%clk 00:00:39]} {[%emt 00:00:26]} 53. Bc5 {[%clk 00:02:15]} {[%emt
00:03:32]} Nxa3 {[%clk 00:00:33]} {[%emt 00:00:37]} 54. Be7 {[%clk 00:02:09]}
{[%emt 00:00:36]} Ke4 {[%clk 00:00:32]} {[%emt 00:00:30]} 55. Bxg5 {[%clk
00:01:50]} {[%emt 00:00:49]} Nc4 {[%clk 00:00:41]} {[%emt 00:00:22]} 56. Kc2
{[%clk 00:00:47]} {[%emt 00:01:34]} Nb6 {[%clk 00:00:41]} {[%emt 00:00:29]} 57.
h4 {[%clk 00:00:45]} {[%emt 00:00:32]} Kf5 {[%clk 00:00:33]} {[%emt 00:00:38]}
58. Kd3 {[%clk 00:00:47]} {[%emt 00:00:28]} Nd5 {[%clk 00:00:41]} {[%emt
00:00:21]} 59. Bxf4 {[%clk 00:00:37]} {[%emt 00:00:40]} Nxb4+ {[%clk 00:00:32]}
{[%emt 00:00:40]} 60. Kd4 {[%clk 00:00:50]} {[%emt 00:00:17]} Nc2+ {[%clk
00:00:35]} {[%emt 00:00:27]} 61. Kc3 {[%clk 00:00:48]} {[%emt 00:00:32]} Kxf4
{[%clk 00:00:34]} {[%emt 00:00:30]} 62. Kxc2 {[%clk 00:01:11]} {[%emt
00:00:07]} Kg4 {[%clk 00:01:00]} {[%emt 00:00:04]} 63. Kb3 {[%clk 00:01:37]}
{[%emt 00:00:04]} Kxh4 {[%clk 00:01:25]} {[%emt 00:00:05]} 64. Kb4 {[%clk
00:02:05]} {[%emt 00:00:03]} Kg4 {[%clk 00:01:50]} {[%emt 00:00:05]} 65. Kxb5
{[%clk 00:02:31]} {[%emt 00:00:05]} 1/2-1/2

[Event "DEM U14 2024"]
[Site "Willingen GER"]
[Date "2024.05.24"]
[Round "8"]
[White "Besou, Hussain"]
[Black "Neuhoff, Laertes"]
[Result "1-0"]
[Termination "normal"]
[Board "3"]
[WhiteTitle "FM"]
[WhiteElo "2260"]
[BlackElo "2089"]
[WhiteClock "00:02:27"]
[BlackClock "00:04:31"]
[PlyCount "101"]
[WhiteFideId "16269950"]
[BlackFideId "16279719"]
[EventCountry "GER"]
[EventRounds "9"]
[EventType "swiss"]
[EventDate "2024.05.18"]

1. e4 {[%clk 01:30:55]} {[%emt 00:00:05]} c5 {[%clk 01:30:59]} {[%emt
00:00:02]} 2. Nf3 {[%clk 01:31:14]} {[%emt 00:00:09]} a6 {[%clk 01:31:26]}
{[%emt 00:00:04]} 3. c4 {[%clk 01:29:46]} {[%emt 00:01:57]} Nc6 {[%clk
01:31:36]} {[%emt 00:00:19]} 4. d4 {[%clk 01:29:21]} {[%emt 00:00:55]} cxd4
{[%clk 01:31:58]} {[%emt 00:00:09]} 5. Nxd4 {[%clk 01:29:46]} {[%emt 00:00:05]}
e5 {[%clk 01:32:19]} {[%emt 00:00:09]} 6. Nc2 {[%clk 01:26:27]} {[%emt
00:03:49]} Nf6 {[%clk 01:26:44]} {[%emt 00:06:05]} 7. Nc3 {[%clk 01:24:44]}
{[%emt 00:02:12]} h6 {[%clk 01:25:30]} {[%emt 00:01:45]} 8. Be2 {[%clk
01:24:10]} {[%emt 00:01:03]} Bc5 {[%clk 01:23:15]} {[%emt 00:02:46]} 9. O-O
{[%clk 01:23:08]} {[%emt 00:01:31]} O-O {[%clk 01:21:51]} {[%emt 00:01:55]} 10.
Qd3 {[%clk 01:13:48]} {[%emt 00:09:50]} d6 {[%clk 01:12:46]} {[%emt 00:09:35]}
11. Be3 {[%clk 01:10:11]} {[%emt 00:04:06]} Be6 {[%clk 01:07:33]} {[%emt
00:05:44]} 12. Rfd1 {[%clk 01:03:39]} {[%emt 00:07:01]} Rc8 {[%clk 01:06:54]}
{[%emt 00:01:09]} 13. b3 {[%clk 00:59:32]} {[%emt 00:04:38]} Nb4 {[%clk
00:55:20]} {[%emt 00:12:04]} 14. Nxb4 {[%clk 00:57:18]} {[%emt 00:02:44]} Bxb4
{[%clk 00:55:48]} {[%emt 00:00:02]} 15. Na4 {[%clk 00:51:25]} {[%emt 00:06:22]}
Qe7 {[%clk 00:47:41]} {[%emt 00:08:38]} 16. f3 {[%clk 00:38:39]} {[%emt
00:13:17]} Rfd8 {[%clk 00:41:11]} {[%emt 00:06:58]} 17. Bb6 {[%clk 00:33:58]}
{[%emt 00:05:11]} Rd7 {[%clk 00:33:44]} {[%emt 00:07:57]} 18. Kh1 {[%clk
00:29:32]} {[%emt 00:04:57]} Rc6 {[%clk 00:28:23]} {[%emt 00:05:51]} 19. Rac1
{[%clk 00:27:52]} {[%emt 00:02:09]} Bc5 {[%clk 00:26:27]} {[%emt 00:02:26]} 20.
Ba5 {[%clk 00:27:17]} {[%emt 00:01:05]} Nh5 {[%clk 00:23:49]} {[%emt 00:03:09]}
21. Nxc5 {[%clk 00:21:57]} {[%emt 00:05:50]} dxc5 {[%clk 00:19:12]} {[%emt
00:05:07]} 22. Qe3 {[%clk 00:22:09]} {[%emt 00:00:17]} Nf4 {[%clk 00:17:55]}
{[%emt 00:01:47]} 23. Bf1 {[%clk 00:22:24]} {[%emt 00:00:15]} Rcd6 {[%clk
00:16:23]} {[%emt 00:02:03]} 24. Rxd6 {[%clk 00:22:18]} {[%emt 00:00:36]} Qxd6
{[%clk 00:16:37]} {[%emt 00:00:16]} 25. Bc3 {[%clk 00:22:15]} {[%emt 00:00:32]}
Nd3 {[%clk 00:09:15]} {[%emt 00:07:53]} 26. Bxd3 {[%clk 00:13:17]} {[%emt
00:09:28]} Qxd3 {[%clk 00:09:22]} {[%emt 00:00:23]} 27. Qxc5 {[%clk 00:13:31]}
{[%emt 00:00:16]} Qe2 {[%clk 00:06:31]} {[%emt 00:03:21]} 28. h4 {[%clk
00:08:52]} {[%emt 00:05:09]} f6 {[%clk 00:04:24]} {[%emt 00:02:38]} 29. Qb6
{[%clk 00:07:54]} {[%emt 00:01:27]} Kf7 {[%clk 00:03:30]} {[%emt 00:01:23]} 30.
a4 {[%clk 00:07:24]} {[%emt 00:01:01]} Rd1+ {[%clk 00:02:01]} {[%emt 00:01:59]}
31. Rxd1 {[%clk 00:07:48]} {[%emt 00:00:06]} Qxd1+ {[%clk 00:02:19]} {[%emt
00:00:12]} 32. Kh2 {[%clk 00:07:47]} {[%emt 00:00:31]} Qc1 {[%clk 00:01:45]}
{[%emt 00:01:03]} 33. Qxb7+ {[%clk 00:07:00]} {[%emt 00:01:17]} Kg6 {[%clk
00:01:38]} {[%emt 00:00:37]} 34. h5+ {[%clk 00:05:51]} {[%emt 00:01:39]} Kh7
{[%clk 00:01:12]} {[%emt 00:00:57]} 35. Qb4 {[%clk 00:05:49]} {[%emt 00:00:32]}
Qf4+ {[%clk 00:00:58]} {[%emt 00:00:43]} 36. Kg1 {[%clk 00:06:03]} {[%emt
00:00:16]} Qe3+ {[%clk 00:01:20]} {[%emt 00:00:09]} 37. Kf1 {[%clk 00:06:22]}
{[%emt 00:00:10]} f5 {[%clk 00:01:11]} {[%emt 00:00:40]} 38. Bxe5 {[%clk
00:04:28]} {[%emt 00:02:24]} fxe4 {[%clk 00:01:21]} {[%emt 00:00:20]} 39. Qe7
{[%clk 00:03:33]} {[%emt 00:01:25]} Qc1+ {[%clk 00:01:20]} {[%emt 00:00:31]}
40. Kf2 {[%clk 00:03:54]} {[%emt 00:00:08]} Qd2+ {[%clk 00:01:08]} {[%emt
00:00:43]} 41. Kg3 {[%clk 00:03:41]} {[%emt 00:00:41]} Qd7 {[%clk 00:01:10]}
{[%emt 00:00:29]} 42. Qxd7 {[%clk 00:03:33]} {[%emt 00:00:38]} Bxd7 {[%clk
00:01:40]} {[%emt 00:00:01]} 43. fxe4 {[%clk 00:03:55]} {[%emt 00:00:08]} Kg8
{[%clk 00:02:06]} {[%emt 00:00:03]} 44. Kf4 {[%clk 00:03:45]} {[%emt 00:00:39]}
Kf7 {[%clk 00:02:34]} {[%emt 00:00:04]} 45. Bc3 {[%clk 00:02:32]} {[%emt
00:01:42]} g6 {[%clk 00:02:38]} {[%emt 00:00:27]} 46. hxg6+ {[%clk 00:02:25]}
{[%emt 00:00:37]} Kxg6 {[%clk 00:03:02]} {[%emt 00:00:06]} 47. a5 {[%clk
00:02:24]} {[%emt 00:00:31]} Be6 {[%clk 00:03:24]} {[%emt 00:00:08]} 48. Ke5
{[%clk 00:02:44]} {[%emt 00:00:10]} Kf7 {[%clk 00:03:51]} {[%emt 00:00:02]} 49.
Kd6 {[%clk 00:02:53]} {[%emt 00:00:21]} h5 {[%clk 00:04:16]} {[%emt 00:00:06]}
50. Kc5 {[%clk 00:02:31]} {[%emt 00:00:52]} Ke7 {[%clk 00:04:31]} {[%emt
00:00:14]} 51. b4 {[%clk 00:02:27]} {[%emt 00:00:34]} 1-0

[Event "DEM U14 2024"]
[Site "Willingen GER"]
[Date "2024.05.24"]
[Round "8"]
[White "Nechitaylo, Nikita"]
[Black "Vranckx, Oscar"]
[Result "1-0"]
[Termination "normal"]
[Board "4"]
[WhiteTitle "CM"]
[WhiteElo "2212"]
[BlackElo "1870"]
[WhiteClock "01:16:18"]
[BlackClock "01:19:12"]
[PlyCount "57"]
[WhiteFideId "34138161"]
[BlackFideId "34608788"]
[EventCountry "GER"]
[EventRounds "9"]
[EventType "swiss"]
[EventDate "2024.05.18"]

1. d4 {[%clk 01:31:00]} d5 {[%clk 01:30:49]} {[%emt 00:00:11]} 2. c4 {[%clk
01:31:27]} {[%emt 00:00:04]} e6 {[%clk 01:31:09]} {[%emt 00:00:09]} 3. Nc3
{[%clk 01:31:54]} {[%emt 00:00:02]} c5 {[%clk 01:31:30]} {[%emt 00:00:08]} 4.
cxd5 {[%clk 01:32:21]} {[%emt 00:00:04]} cxd4 {[%clk 01:31:50]} {[%emt
00:00:09]} 5. Qa4+ {[%clk 01:32:50]} {[%emt 00:00:04]} Bd7 {[%clk 01:32:09]}
{[%emt 00:00:09]} 6. Qxd4 {[%clk 01:33:16]} {[%emt 00:00:04]} exd5 {[%clk
01:32:31]} {[%emt 00:00:08]} 7. Qxd5 {[%clk 01:33:42]} {[%emt 00:00:03]} Nc6
{[%clk 01:32:51]} {[%emt 00:00:10]} 8. Nf3 {[%clk 01:34:06]} {[%emt 00:00:06]}
Nf6 {[%clk 01:33:16]} {[%emt 00:00:05]} 9. Qd1 {[%clk 01:34:33]} {[%emt
00:00:04]} Bc5 {[%clk 01:33:39]} {[%emt 00:00:07]} 10. e3 {[%clk 01:34:59]}
{[%emt 00:00:04]} Qe7 {[%clk 01:33:54]} {[%emt 00:00:14]} 11. Be2 {[%clk
01:35:24]} {[%emt 00:00:05]} O-O-O {[%clk 01:34:17]} {[%emt 00:00:08]} 12. O-O
{[%clk 01:35:50]} {[%emt 00:00:04]} g5 {[%clk 01:34:42]} {[%emt 00:00:04]} 13.
Qc2 {[%clk 01:36:17]} {[%emt 00:00:04]} g4 {[%clk 01:30:47]} {[%emt 00:04:25]}
14. Nd4 {[%clk 01:36:43]} {[%emt 00:00:04]} Bxd4 {[%clk 01:30:36]} {[%emt
00:00:41]} 15. exd4 {[%clk 01:37:09]} {[%emt 00:00:03]} Nxd4 {[%clk 01:30:57]}
{[%emt 00:00:10]} 16. Nd5+ {[%clk 01:37:37]} {[%emt 00:00:02]} Nxc2 {[%clk
01:31:12]} {[%emt 00:00:15]} 17. Nxe7+ {[%clk 01:38:04]} {[%emt 00:00:03]} Kb8
{[%clk 01:31:02]} {[%emt 00:00:39]} 18. Bf4+ {[%clk 01:38:30]} {[%emt
00:00:05]} Ka8 {[%clk 01:31:11]} {[%emt 00:00:22]} 19. Rad1 {[%clk 01:34:37]}
{[%emt 00:04:22]} Rhf8 {[%clk 01:21:42]} {[%emt 00:09:59]} 20. Be5 {[%clk
01:25:36]} {[%emt 00:09:31]} Ng8 {[%clk 01:19:54]} {[%emt 00:02:18]} 21. Nxg8
{[%clk 01:23:35]} {[%emt 00:02:31]} Rxg8 {[%clk 01:20:08]} {[%emt 00:00:16]}
22. Bf6 {[%clk 01:23:40]} {[%emt 00:00:25]} Rde8 {[%clk 01:18:34]} {[%emt
00:02:04]} 23. Bd3 {[%clk 01:23:07]} {[%emt 00:01:03]} Nb4 {[%clk 01:18:31]}
{[%emt 00:00:33]} 24. Bxh7 {[%clk 01:23:30]} {[%emt 00:00:06]} Bb5 {[%clk
01:18:41]} {[%emt 00:00:20]} 25. Bxg8 {[%clk 01:23:52]} {[%emt 00:00:08]} Bxf1
{[%clk 01:18:41]} {[%emt 00:00:29]} 26. Bxf7 {[%clk 01:22:23]} {[%emt
00:02:00]} Be2 {[%clk 01:18:57]} {[%emt 00:00:14]} 27. Re1 {[%clk 01:16:57]}
{[%emt 00:05:56]} Nd3 {[%clk 01:18:49]} {[%emt 00:00:38]} 28. Bxe8 {[%clk
01:17:18]} {[%emt 00:00:10]} Nxe1 {[%clk 01:19:12]} {[%emt 00:00:07]} 29. Bh5
{[%clk 01:16:18]} {[%emt 00:01:29]} 1-0

[Event "DEM U14 2024"]
[Site "Willingen GER"]
[Date "2024.05.24"]
[Round "8"]
[White "Herrmann, Arthur"]
[Black "Mohylnyi, Stepan"]
[Result "0-1"]
[Termination "normal"]
[Board "5"]
[WhiteElo "1929"]
[BlackElo "2140"]
[WhiteClock "00:16:19"]
[BlackClock "00:47:36"]
[PlyCount "120"]
[WhiteFideId "16287150"]
[BlackFideId "34127836"]
[EventCountry "GER"]
[EventRounds "9"]
[EventType "swiss"]
[EventDate "2024.05.18"]

1. e4 {[%clk 01:30:56]} {[%emt 00:00:03]} c5 {[%clk 01:30:50]} {[%emt
00:00:09]} 2. Nf3 {[%clk 01:31:21]} {[%emt 00:00:05]} e6 {[%clk 01:31:17]}
{[%emt 00:00:04]} 3. d4 {[%clk 01:31:45]} {[%emt 00:00:06]} cxd4 {[%clk
01:31:42]} {[%emt 00:00:05]} 4. Nxd4 {[%clk 01:32:08]} {[%emt 00:00:06]} a6
{[%clk 01:32:10]} {[%emt 00:00:03]} 5. c4 {[%clk 01:26:25]} {[%emt 00:06:13]}
Nf6 {[%clk 01:32:01]} {[%emt 00:00:39]} 6. Nc3 {[%clk 01:26:47]} {[%emt
00:00:09]} Bb4 {[%clk 01:32:28]} {[%emt 00:00:02]} 7. Qd3 {[%clk 01:21:55]}
{[%emt 00:05:22]} Nc6 {[%clk 01:27:06]} {[%emt 00:05:52]} 8. Nxc6 {[%clk
01:01:29]} {[%emt 00:20:56]} dxc6 {[%clk 01:27:06]} {[%emt 00:00:31]} 9. Qxd8+
{[%clk 01:01:23]} {[%emt 00:00:36]} Kxd8 {[%clk 01:27:35]} 10. Bd2 {[%clk
00:55:38]} {[%emt 00:06:15]} e5 {[%clk 01:24:27]} {[%emt 00:03:38]} 11. O-O-O
{[%clk 00:53:58]} {[%emt 00:02:10]} Kc7 {[%clk 01:21:16]} {[%emt 00:03:42]} 12.
a3 {[%clk 00:50:30]} {[%emt 00:03:57]} Bc5 {[%clk 01:19:35]} {[%emt 00:02:11]}
13. f3 {[%clk 00:50:09]} {[%emt 00:00:51]} Be6 {[%clk 01:19:29]} {[%emt
00:00:36]} 14. Kc2 {[%clk 00:40:03]} {[%emt 00:10:36]} Nd7 {[%clk 01:13:38]}
{[%emt 00:06:21]} 15. Bc1 {[%clk 00:33:11]} {[%emt 00:07:22]} b5 {[%clk
01:02:02]} {[%emt 00:12:06]} 16. b4 {[%clk 00:29:57]} {[%emt 00:03:44]} Bd4
{[%clk 01:01:42]} {[%emt 00:00:50]} 17. c5 {[%clk 00:22:04]} {[%emt 00:08:22]}
a5 {[%clk 01:00:32]} {[%emt 00:01:40]} 18. Ne2 {[%clk 00:19:01]} {[%emt
00:03:33]} Bf2 {[%clk 00:59:15]} {[%emt 00:01:48]} 19. Bb2 {[%clk 00:18:11]}
{[%emt 00:01:21]} axb4 {[%clk 00:58:24]} {[%emt 00:01:21]} 20. axb4 {[%clk
00:18:35]} {[%emt 00:00:05]} Ra4 {[%clk 00:56:38]} {[%emt 00:02:16]} 21. Bc3
{[%clk 00:16:37]} {[%emt 00:02:28]} Rha8 {[%clk 00:43:57]} {[%emt 00:13:10]}
22. Rb1 {[%clk 00:13:13]} {[%emt 00:03:54]} Ra2+ {[%clk 00:36:43]} {[%emt
00:07:44]} 23. Rb2 {[%clk 00:12:29]} {[%emt 00:01:15]} Rxb2+ {[%clk 00:36:48]}
{[%emt 00:00:25]} 24. Bxb2 {[%clk 00:12:52]} {[%emt 00:00:07]} Ra4 {[%clk
00:37:08]} {[%emt 00:00:10]} 25. Bc3 {[%clk 00:11:58]} {[%emt 00:01:24]} Be3
{[%clk 00:35:10]} {[%emt 00:02:28]} 26. Nc1 {[%clk 00:08:14]} {[%emt 00:04:13]}
Bxc1 {[%clk 00:34:35]} {[%emt 00:01:05]} 27. Kxc1 {[%clk 00:08:40]} {[%emt
00:00:04]} Ra2 {[%clk 00:34:57]} {[%emt 00:00:09]} 28. Rg1 {[%clk 00:06:52]}
{[%emt 00:02:17]} f6 {[%clk 00:34:18]} {[%emt 00:01:10]} 29. Bd3 {[%clk
00:06:42]} {[%emt 00:00:40]} Nb8 {[%clk 00:24:06]} {[%emt 00:10:42]} 30. Bc2
{[%clk 00:06:33]} {[%emt 00:00:39]} Bc4 {[%clk 00:21:52]} {[%emt 00:02:44]} 31.
Kd2 {[%clk 00:05:40]} {[%emt 00:01:22]} Bb3 {[%clk 00:21:03]} {[%emt 00:01:20]}
32. Rc1 {[%clk 00:06:04]} {[%emt 00:00:05]} Nd7 {[%clk 00:21:16]} {[%emt
00:00:17]} 33. Kd1 {[%clk 00:05:05]} {[%emt 00:01:30]} Ba4 {[%clk 00:21:07]}
{[%emt 00:00:39]} 34. g3 {[%clk 00:01:42]} {[%emt 00:03:52]} g5 {[%clk
00:16:51]} {[%emt 00:04:46]} 35. Kd2 {[%clk 00:01:04]} {[%emt 00:01:09]} Nf8
{[%clk 00:16:49]} {[%emt 00:00:31]} 36. Kd3 {[%clk 00:00:43]} {[%emt 00:00:52]}
Ne6 {[%clk 00:16:23]} {[%emt 00:00:56]} 37. h3 {[%clk 00:00:39]} {[%emt
00:00:33]} h5 {[%clk 00:16:14]} {[%emt 00:00:40]} 38. Bxa4 {[%clk 00:00:39]}
{[%emt 00:00:30]} bxa4 {[%clk 00:16:32]} {[%emt 00:00:12]} 39. Rc2 {[%clk
00:00:36]} {[%emt 00:00:33]} Rxc2 {[%clk 00:16:17]} {[%emt 00:00:45]} 40. Kxc2
{[%emt 00:00:01]} Kb7 41. Kb2 {[%clk 00:19:38]} {[%emt 00:11:56]} Ka6 {[%clk
00:46:58]} {[%emt 00:00:19]} 42. Ka3 {[%clk 00:16:58]} {[%emt 00:03:10]} Kb5
{[%clk 00:46:55]} {[%emt 00:00:32]} 43. Bd2 {[%clk 00:15:58]} {[%emt 00:01:30]}
Nd4 {[%clk 00:44:56]} {[%emt 00:02:30]} 44. f4 {[%clk 00:15:20]} {[%emt
00:01:07]} gxf4 {[%clk 00:45:21]} {[%emt 00:00:05]} 45. gxf4 {[%clk 00:15:46]}
{[%emt 00:00:04]} exf4 {[%clk 00:45:49]} {[%emt 00:00:03]} 46. Bxf4 {[%clk
00:15:57]} {[%emt 00:00:18]} Nc2+ {[%clk 00:46:14]} {[%emt 00:00:06]} 47. Kb2
{[%clk 00:16:04]} {[%emt 00:00:23]} Nxb4 {[%clk 00:46:32]} {[%emt 00:00:12]}
48. Bd2 {[%clk 00:14:32]} {[%emt 00:02:01]} Nd3+ {[%clk 00:43:56]} {[%emt
00:03:06]} 49. Ka3 {[%clk 00:14:17]} {[%emt 00:00:45]} Nxc5 {[%clk 00:44:22]}
{[%emt 00:00:04]} 50. Be3 {[%clk 00:14:30]} {[%emt 00:00:17]} Nxe4 {[%clk
00:44:48]} {[%emt 00:00:04]} 51. h4 {[%clk 00:14:34]} {[%emt 00:00:26]} Nd6
{[%clk 00:44:22]} {[%emt 00:00:56]} 52. Bf2 {[%clk 00:14:28]} {[%emt 00:00:37]}
f5 {[%clk 00:44:42]} {[%emt 00:00:10]} 53. Bg3 {[%clk 00:14:43]} {[%emt
00:00:15]} Nc4+ {[%clk 00:45:09]} {[%emt 00:00:03]} 54. Ka2 {[%clk 00:15:08]}
{[%emt 00:00:05]} Ne3 {[%clk 00:45:25]} {[%emt 00:00:14]} 55. Bf2 {[%clk
00:15:23]} {[%emt 00:00:14]} Ng2 {[%clk 00:45:51]} {[%emt 00:00:04]} 56. Ka3
{[%clk 00:15:37]} {[%emt 00:00:17]} f4 {[%clk 00:46:17]} {[%emt 00:00:04]} 57.
Kb2 {[%clk 00:15:48]} {[%emt 00:00:19]} f3 {[%clk 00:46:43]} {[%emt 00:00:04]}
58. Kc3 {[%clk 00:16:11]} {[%emt 00:00:06]} Nf4 {[%clk 00:47:06]} {[%emt
00:00:07]} 59. Kd2 {[%clk 00:16:08]} {[%emt 00:00:33]} Nh3 {[%clk 00:47:18]}
{[%emt 00:00:19]} 60. Bd4 {[%clk 00:16:19]} {[%emt 00:00:18]} f2 {[%clk
00:47:36]} {[%emt 00:00:12]} 0-1